000 00719nam a2200253Ia 4500
003 OSt
005 20220928121409.0
006 a|||||r|||| 00| 0
007 ta
008 220927b |||||||| |||| 00| 0 eng d
020 _c750
024 _a129102
037 _b420, 05/03/2016, Kiran Book Service
_cTextual
040 _aSDCL
_cSDCL
_beng
041 _2eng
_aeng
082 _aY15:5'P, Q5
100 _aReilly Niamh
_9451902
245 0 _aWomen's human rights
260 _aNew Delhi
_bRawat Publication
_c2015
300 _axii;203p.
_ccm.
650 _aPolitical Science
942 _hY15:5'P, Q5
_cTEXL
_2CC
999 _c765899
_d765899